| 000 | 00552nam a2200217Ia 4500 | ||
|---|---|---|---|
| 008 | 220204s9999 xx 000 0 und d | ||
| 082 |
_a579.222 _bHUG |
||
| 245 | 0 | _aInhibition and destruction of the microbial cell | |
| 260 |
_aLondon _bAcademic _c1971 |
||
| 650 | _aAntibacterial compound | ||
| 650 | _aBacterial cell | ||
| 650 | _aMicrobiology | ||
| 650 | _aMicroorganisms | ||
| 650 | _aMould | ||
| 650 | _aMycobacteria | ||
| 650 | _aToxic gas | ||
| 650 | _aViruses inactivation | ||
| 650 | _aYeast | ||
| 700 | _aHugo, W B | ||
| 942 | _cBK | ||
| 999 |
_c22477 _d22477 |
||